LIBRARY & INFORMATION CENTRE, KCAET, TAVANUR

ONLINE PUBLIC ACCESS CATALOGUE (OPAC)

Post Harvest Technology and Management (Record no. 14494)

MARC details
000 -LEADER
fixed length control field 00302nam a22001217a 4500
020 ## - INTERNATIONAL STANDARD BOOK NUMBER
ISBN 9789350301975
082 ## - DEWEY DECIMAL CLASSIFICATION NUMBER
Classification number 631.56
Item number SIM/PO
100 ## - MAIN ENTRY--AUTHOR NAME
Personal name Simson,sharon Pastor
245 ## - TITLE STATEMENT
Title Post Harvest Technology and Management
260 ## - PUBLICATION, DISTRIBUTION, ETC. (IMPRINT)
Place of publication Jaipur
Name of publisher Oxford Book Company
Year of publication 2014
300 ## - PHYSICAL DESCRIPTION
Number of Pages 236
942 ## - ADDED ENTRY ELEMENTS (KOHA)
Koha item type Books
Holdings
Withdrawn status Lost status Damaged status Collection code Home library Current library Shelving location Date acquired Source of acquisition Cost, normal purchase price Full call number Accession Number Koha item type
        KAUAET KAUAET General Stacks 08/07/2016 Arunima Book Distributors,TVPM 2295.00 631.56 SIM/PO 24833 Books
free website counter